Entrepreneurship Gründung und Skalierung von Startups

Salvato in:
Dettagli Bibliografici
Autore principale: Freiling, Jörg
Altri autori: Harima, Jan
Natura: Libro
Lingua:tedesco
Pubblicazione: Wiesbaden Springer Gabler 2019
Soggetti:
Tags: Aggiungi Tag
Nessun Tag, puoi essere il primo ad aggiungerne!!

MARC

LEADER 00000nam a2200000 4500
001 0279502
005 20240221114027.5
020 |a 978-3-658-26116-0 
020 |a 978-3-658-26117-7 
041 0 |a ger 
044 |a DE 
245 1 0 |a Entrepreneurship  |b Gründung und Skalierung von Startups  |c Jörg Freiling, Jan Harima 
264 1 |a Wiesbaden  |b Springer Gabler  |c 2019 
300 |a 531 s. 
610 2 0 |a podnikanie 
610 2 0 |a start-up 
610 2 0 |a firmy 
610 2 0 |a riziko podnikateľské 
610 2 0 |a inovácia 
610 2 0 |a zákazníci 
610 2 0 |a náklady 
610 2 0 |a marketing 
610 2 0 |a financie 
610 2 0 |a plán podnikateľský 
610 2 0 |a kapitál ľudský 
100 1 |a Freiling, Jörg 
700 1 |a Harima, Jan